000 01626nam a2200277Ia 4500
003 OSt
005 20210429215136.0
008 210310s1977 ck gr 000 0 spa d
040 _aCO-JMCR
_cCO-JMCR
041 1 _aspa
_heng
082 0 4 _a334.0918 /
_bA655c
_223
100 1 _aApthorpe, R.,
_915484
_eautor
245 1 0 _aCooperativismo :
_bsu fracaso en el Tercer Mundo /
_cR. Apthorpe, O. Fals Borda, Inayatullah y otros (UNRISD) ; versión castellana de Jorge Orlando Melo
260 _aBogotá :
_bPunta de Lanza,
_c1977
300 _a195 páginas ;
_c19 cm.
500 _aIncluye notas a pie de página. Título original: Rural cooperatives as agents of chance
505 0 _aDeclaración general -- Transcripción del debate -- Notas complementarias
520 3 _aA escala mundial se hace aparecer al cooperativismo como instrumento fundamental de desarrollo, siendo que en la práctica, es causa de fracasos incontables, costosos y socialmente frustrantes. Este libro transcribe un importante debate realizado en Ginebra (Suiza) sobre este tema, en el cual se destacó cómo las verdaderas cooperativas no podrán funcionar sino cuando se efectúen cambios estructurales profundos en sus respectivas sociedades. Los intereses y las interpretaciones encontradas quedaron en evidencia.
546 _aTraducido del inglés.
650 1 4 _aCooperativismo
_915486
_xInvestigaciones
650 2 4 _aCooperativismo
_xInvestigaciones
_zAmérica Latina
_937282
700 1 _aFals Borda, O.,
_eautor
_937283
700 1 _aInayatullah,
_eautor
_937284
700 1 _aMelo, Jorge Orlando,
_etraductor
_911481
942 _2ddc
_cBK
999 _c7796
_d7796